| 000 | 01793nam0a2200445 i 4500 | ||
|---|---|---|---|
| 001 | RU\NLR\BIBL_A\011148976 | ||
| 005 | 20260531105053.0 | ||
| 010 |
_a9785906862792 _9500 |
||
| 021 |
_aRU _b2016-43529 _92790 |
||
| 035 | _a(NILC)RuMoRGB-008500142 | ||
| 035 | _a(NLR Aleph) 011148976 | ||
| 090 |
_a11661511 _c11661511 |
||
| 100 | _a20160608d2016 u y0rusy50 ca | ||
| 101 | 0 |
_arus _aeng |
|
| 102 | _aRU | ||
| 105 | _aa|||z|||000zy | ||
| 200 | 1 |
_aЖивой музей _dThe spirit of museum _fЮрий Вэлла _g[предисл. М.Б. Гнедовский _gпер. на англ.: М.Б. Гнедовский _gил.: Сабина и Рубина Хоссейн] _zeng |
|
| 210 |
_aМосква _cПеро _d2016 |
||
| 215 |
_a32, 32 с. встреч. паг. _cил. _d22 |
||
| 300 | _aАвт. также на англ. яз.: Juri Vella | ||
| 300 | _aКн. - "перевертыш" | ||
| 300 | _aНа тит. с. в вых. дан.: International council of museums ICOM | ||
| 300 | _aТекст парал. рус., англ. | ||
| 300 | _aПарал. тит. л. англ. | ||
| 510 | 1 |
_aThe spirit of museum _zeng |
|
| 510 | 1 |
_6z22790 _aThe spirit of museum _zeng |
|
| 675 | _a821.51 | ||
| 686 | 2 | _aШ6(2=Нен)7-4 | |
| 700 | 1 |
_7ca _8rus _aВэлла _bЮ. К. _f1948-2013 _gЮрий Кылевич _9110463 _3RU\NLR\AUTH\77409 |
|
| 702 | 1 |
_aХоссейн _bС. _gСабина _4440 |
|
| 702 | 1 |
_aХоссейн _bР. _gРубина _4440 |
|
| 790 | 1 |
_7ba _8rus _aVélla _bJ. K. _f1948-2013 _gJurij Kylevič _959337 _3RU\NLR\AUTH\7776409 |
|
| 801 | 0 |
_aRU _bРГБ _c20160526 _gRCR |
|
| 801 | 1 |
_aRU _bРГБ _c20160526 _2rusmarc |
|
| 942 | _cBOOK | ||
| 980 | _aNBR | ||